Aqal / (Record no. 524470)

000 -LEADER
fixed length control field 00475nam a22001697a 4500
003 - CONTROL NUMBER IDENTIFIER
control field NUST
038 ## - RECORD CONTENT LICENSOR
Staff Name waseem
082 ## - DEWEY DECIMAL CLASSIFICATION NUMBER
Classification number 573.86
Author Mark AHM
100 ## - MAIN ENTRY--PERSONAL NAME
Personal name Ahmed, Rana Saeed
9 (RLIN) 15287
245 ## - TITLE STATEMENT
Title Aqal /
Statement of responsibility, etc. Rana Saeed Ahmed
Remainder of title (Kainat ka Ajooba)
260 ## - PUBLICATION, DISTRIBUTION, ETC.
Place of publication, distribution, etc. Lahore :
Name of publisher, distributor, etc. Rana Saeed Ahmed,
Date of publication, distribution, etc. 2010.
300 ## - PHYSICAL DESCRIPTION
Extent 240 p. ;
500 ## - GENERAL NOTE
General note HardCover
880 ## - ALTERNATE GRAPHIC REPRESENTATION
Linkage 100-01\r
Title رانا سعید احمد
880 ## - ALTERNATE GRAPHIC REPRESENTATION
Linkage 245-02\r
Title عقل، کا ٰٰینات کا عجوبی
942 ## - ADDED ENTRY ELEMENTS (KOHA)
Source of classification or shelving scheme
Koha item type Book
Holdings
Withdrawn status Lost status Source of classification or shelving scheme Damaged status Not for loan Permanent Location Current Location Date acquired Total Checkouts Full call number Barcode Date last seen Price effective from Koha item type
          Central Library (CL) Central Library (CL) 06/21/2019   573.86 AHM CL-E-1194 06/21/2019 06/21/2019 Book
© 2023 Central Library, National University of Sciences and Technology. All Rights Reserved.